1982 NFL Standings - Statistics

General Stats
  • This quiz has been taken 13 times
  • The average score is 19 of 28
Answer Stats
Rank (seed) Record NFL Team % Correct
AFC (8) 4-5 Cleveland Browns
89%
AFC (1) 8-1 Los Angeles Raiders
89%
AFC (4) 6-3 Pittsburgh Steelers
89%
NFC (1) 8-1 Washington Redskins
89%
AFC (14) Missed Playoffs 0-8-1 Baltimore Colts
78%
AFC (3) 7-2 Cincinnati Bengals
78%
NFC (2) 6-3 Dallas Cowboys
78%
AFC (2) 7-2 Miami Dolphins
78%
AFC (7) 5-4 New England Patriots
78%
AFC (6) 6-3 New York Jets
78%
AFC (5) 6-3 San Diego Chargers
78%
AFC (9) Missed Playoffs 4-5 Buffalo Bills
67%
AFC (12) Missed Playoffs 2-7 Denver Broncos
67%
NFC (8) 4-5 Detroit Lions
67%
NFC (3) 5-3-1 Green Bay Packers
67%
AFC (13) Missed Playoffs 1-8 Houston Oilers
67%
NFC (4) 5-4 Minnesota Vikings
67%
NFC (10) Missed Playoffs 4-5 New York Giants
67%
NFC (11) Missed Playoffs 3-6 San Francisco 49ers
67%
NFC (7) 5-4 Tampa Bay Buccaneers
67%
NFC (5) 5-4 Atlanta Falcons
56%
NFC (12) Missed Playoffs 3-6 Chicago Bears
56%
AFC (11) Missed Playoffs 3-6 Kansas City Chiefs
56%
NFC (14) Missed Playoffs 2-7 Los Angeles Rams
56%
NFC (13) Missed Playoffs 3-6 Philadelphia Eagles
56%
AFC (10) Missed Playoffs 4-5 Seattle Seahawks
56%
NFC (6) 5-4 St. Louis Cardinals
56%
NFC (9) Missed Playoffs 4-5 New Orleans Saints
44%
No matching quizzes found
Score Distribution
Percent of People with Each Score
Percentile by Number Answered
Your Score History
You have not taken this quiz